00287nam a2200097 4500008004100000100001700041245007500058260000900133300001300142773003400155190220b ||||| |||| 00| 0 eng d aMenon, Meena aPakistan's sticky wicket:bimminent economic challenges for Imran Khan c2018 ap.17-19. aEconomic and Political Weekly